[Event "Rostov"]
[Site "Rostov"]
[Date "1980.??.??"]
[Round "?"]
[White "Lanka, Zigurds"]
[Black "Novikov, Igor A"]
[Result "0-1"]
[WhiteElo "2340"]
[BlackElo "2370"]

1.e4 c5 2.Nf3 d6 3.d4 cxd4 4.Nxd4 Nf6 5.Nc3 a6 6.Bg5 e6 7.f4 Be7 8.Qf3 Qc7
9.O-O-O Nbd7 10.Qg3 h6 11.Bh4 g5 12.fxg5 Rg8 13.Nf3 Nh7 14.g6 Rxg6 15.Bxe7 Rxg3
16.Bxd6 Qd8 17.hxg3 Qf6 18.e5 Qg7 19.Bd3 Ng5 20.Kb1 Nxf3 21.gxf3 Nxe5 22.Nd5 exd5
23.Bxe5 Qf8 24.c4 dxc4 25.Be4 Be6 26.Bxb7 Qc5 27.Bd6 Qb5 28.Bxa8 c3 29.Rh2 Bxa2+
30.Kxa2 Qa4+ 31.Ba3 Qxd1 32.bxc3 Qe1 33.Kb2 Qxg3 34.Bc6+ Kd8 35.Rd2+ Kc8
36.Bd6 Qg1 37.Bd7+ Kb7 38.Ka2 Qg6 39.c4 f5 40.Ka3 Qf6 41.Ka2 Ka7 42.Rd3 Qh4
43.Bc5+ Kb7 44.Kb3 Qe1 45.Bxf5 Qb1+ 46.Kc3 Qa1+ 47.Kc2 Qa2+ 48.Kd1 Qxc4 49.Be4+ Kc8
50.Bd4 Qa2 51.Rd2 Qe6 52.Ke2 h5 53.Rc2+ Kd7 54.Rc5 Qa2+ 55.Ke3 h4 56.Rc2 Qg8
57.Be5 Qg5+ 58.Kd4 Qg1+ 59.Kd3 Qf1+ 60.Ke3 Ke6 61.Bh2 a5 62.Kf4 a4 63.Kg5 a3
64.f4 Qe1 65.f5+ Kd7 66.Bc6+ Kd8 67.Bf4 Qg1+ 68.Kf6 h3 69.Bd5 Qd4+ 70.Ke6 Qxf4
71.f6 Qg4+ 72.Ke5 Qg5+ 73.Ke6  0-1

[Event "URS-ch U26"]
[Site "Jurmala"]
[Date "1983.??.??"]
[Round "?"]
[White "Kharitonov, Andrei Y"]
[Black "Novikov, Igor A"]
[Result "1/2-1/2"]
[WhiteElo "2440"]
[BlackElo "2385"]

1.d4 Nf6 2.Nf3 e6 3.c4 b6 4.e3 Bb7 5.Bd3 Be7 6.Nc3 c5 7.O-O O-O 8.d5 exd5
9.cxd5 d6 10.e4 Na6 11.Re1 Nc7 12.Nd2 Rb8 13.a3 b5 14.b4 Nd7 15.Bb2 Bf6 16.Bf1 a5
17.bxc5 Nxc5 18.Nb3 Nxb3 19.Qxb3 Ba6 20.Na2 b4 21.axb4 Bxf1 22.Rxf1 Na6 23.Bxf6  1/2-1/2

[Event "URS-ch U26"]
[Site "Jurmala"]
[Date "1983.??.??"]
[Round "?"]
[White "Gavrikov, Viktor"]
[Black "Novikov, Igor A"]
[Result "1/2-1/2"]
[WhiteElo "2485"]
[BlackElo "2385"]

1.e4 c5 2.Nf3 d6 3.d4 cxd4 4.Nxd4 Nf6 5.Nc3 a6 6.f4 e5 7.Nf3 Nbd7 8.a4 Qc7
9.Bd3 Be7 10.O-O O-O 11.Nh4 g6 12.fxe5 Nxe5 13.Nf3 Be6 14.Kh1 Nfd7 15.Nd4 Bf6
16.Be2 Nc6 17.Nb3 Nce5 18.Nd4 Nc6 19.Nb3 Nce5 20.Bh6 Bg7 21.Bxg7 Kxg7 22.Qd4 Rad8
23.Rad1 Nf6 24.Qf2 Nfd7 25.Qd4 Nf6 26.Qf2 Qe7 27.Nd4 Rc8 28.Qg3 Kh8 29.Qg5 Kg7
30.Nf5+ Bxf5 31.exf5 Rfe8 32.fxg6 hxg6 33.h3 Rc5 34.Qxf6+ Qxf6 35.Rxf6 Kxf6
36.Ne4+ Ke6 37.Nxc5+  1/2-1/2

[Event "URS-ch U26"]
[Site "Jurmala"]
[Date "1983.??.??"]
[Round "?"]
[White "Lanka, Zigurds"]
[Black "Novikov, Igor A"]
[Result "0-1"]
[WhiteElo "2365"]
[BlackElo "2385"]

1.e4 c5 2.Nf3 d6 3.d4 cxd4 4.Nxd4 Nf6 5.Nc3 a6 6.Bg5 e6 7.f4 Qb6 8.Qd2 Qxb2
9.Rb1 Qa3 10.f5 Nc6 11.fxe6 fxe6 12.Nxc6 bxc6 13.e5 dxe5 14.Bxf6 gxf6 15.Ne4 Be7
16.Be2 h5 17.O-O f5 18.Bf3 Ra7 19.Kh1 Rd7 20.Nf6+ Bxf6 21.Bxc6 Qc5 22.Bxd7+ Bxd7
23.Rb3 Bb5 24.Rd1 Kf7 25.Rdb1 h4 26.Rc3 Qd4 27.Rc7+ Kg6 28.Qe1 Qd6 29.Rc3 e4
30.g4 Bxc3 31.Qxc3 Rf8 32.gxf5+ Rxf5 33.Qh8 Rg5 34.Qg8+ Kf6 35.Qh8+ Kf7 36.a4 Qf4
37.Qh7+ Ke8 38.Qh8+ Ke7 39.Qh7+ Kd6 40.Rd1+ Bd3  0-1

[Event "URS-ch U26"]
[Site "Jurmala"]
[Date "1983.??.??"]
[Round "?"]
[White "Novikov, Igor A"]
[Black "Chernin, Alexander"]
[Result "1/2-1/2"]
[WhiteElo "2385"]
[BlackElo "2455"]

1.d4 d5 2.c4 c6 3.Nf3 Nf6 4.Nc3 e6 5.Bg5 h6 6.Bxf6 Qxf6 7.e3 Nd7 8.Bd3 dxc4
9.Bxc4 Bd6 10.O-O Qe7 11.e4 e5 12.d5 Nb6 13.Bb3 Bg4 14.dxc6 bxc6 15.h3 Bxf3
16.Qxf3 O-O 17.Rac1 Rac8 18.Rc2 Rc7 19.Rfc1 Rfc8 20.Na4 g6 21.Nc5 Bxc5 22.Rxc5 Nd7
23.R5c3 Kg7 24.Ba4 Qe6 25.Bb3 Qe7 26.Qe3 c5 27.Ba4 Nf6 28.Rc4 Nh5 29.g3 Kh7
30.Qc3 Ng7 31.Kg2  1/2-1/2

[Event "URS-ch U26"]
[Site "Jurmala"]
[Date "1983.??.??"]
[Round "?"]
[White "Zaichik, Gennadi"]
[Black "Novikov, Igor A"]
[Result "1-0"]
[WhiteElo "2480"]
[BlackElo "2385"]

1.e4 c5 2.Nf3 d6 3.d4 cxd4 4.Qxd4 a6 5.Be3 Nf6 6.Nc3 Nbd7 7.Bc4 e6 8.O-O-O Be7
9.g4 O-O 10.g5 Ng4 11.Rhg1 Nxe3 12.Qxe3 b5 13.Bb3 Bb7 14.Nd4 Nc5 15.h4 Qa5
16.f3 Rfc8 17.Kb1 b4 18.Nce2 Nxb3 19.Qxb3 Qc5 20.h5 Bxg5 21.Nf5 h6 22.Nxd6 Rc7
23.f4 Be7 24.Nxb7 Rxb7 25.f5 exf5 26.Rd5 Qb6 27.Rxf5 Qe6 28.Qxe6 fxe6 29.Re5 Rb6
30.Nf4 Bf6 31.Ra5 Rc8 32.e5 Bd8 33.Ra4 Bc7 34.Ng6 Re8 35.b3 Rb5 36.Rxa6 Bxe5
37.Nxe5 Rxe5 38.Rb6 Rxh5 39.Rxb4 Re7 40.a4 e5 41.a5 e4 42.Ra4 e3 43.a6 e2
44.Re1 Rf5 45.Kc1 Rf8 46.b4 Re4 47.c3 g5 48.Ra2 Rfe8 49.b5 R4e6 50.Raxe2 Rxe2
51.Rxe2 Rxe2 52.a7  1-0

[Event "URS-ch sf"]
[Site "Volgodonsk"]
[Date "1983.??.??"]
[Round "?"]
[White "Novikov, Igor A"]
[Black "Zakharov, Alexander V"]
[Result "1-0"]
[WhiteElo "2280"]
[BlackElo "2380"]

1.d4 Nf6 2.c4 e6 3.Nf3 d5 4.Nc3 c6 5.Bg5 Nbd7 6.e3 Be7 7.Qc2 O-O 8.O-O-O a6
9.cxd5 cxd5 10.Bd3 h6 11.Bf4 b5 12.Kb1 Bb7 13.Rc1 Rc8 14.Qe2 Ne4 15.Nd2 Nxd2+
16.Qxd2 Nb6 17.Ka1 Bb4 18.Bb1 f5 19.Qd3 Nc4 20.g4 Qa5 21.Ne2 Nd2 22.gxf5 exf5
23.Rhg1 Rxc1 24.Nxc1 Nxb1 25.Kxb1 Qb6 26.Ne2 Rf7 27.Be5 Bf8 28.Nf4  1-0

[Event "URS-ch sf"]
[Site "Volgodonsk"]
[Date "1983.??.??"]
[Round "?"]
[White "Vaisser, Anatoli"]
[Black "Novikov, Igor A"]
[Result "1/2-1/2"]
[WhiteElo "2485"]
[BlackElo "2280"]

1.c4 e6 2.Nc3 d5 3.d4 c6 4.e4 dxe4 5.Nxe4 Bb4+ 6.Bd2 Qxd4 7.Bxb4 Qxe4+ 8.Be2 Na6
9.Bd6 e5 10.Nf3 Bg4 11.Nxe5 Bxe2 12.Qxe2 Qxe2+ 13.Kxe2 Nh6 14.Rhd1 O-O-O
15.Kf1 Rhe8 16.Nf3 Nf5 17.Ba3 h5 18.Rxd8+ Rxd8 19.b3 Nc7 20.Re1 Re8 21.Rxe8+ Nxe8
22.Ke2 Kd7 23.Kd3 f6 24.Nd4 Nxd4 25.Kxd4 Nd6 26.Bc5 b6 27.Ba3 Ke6 28.Bxd6 Kxd6
29.c5+ bxc5+ 30.Kc4 h4 31.h3 g6 32.g3 hxg3 33.fxg3 f5 34.Kd3 Ke5 35.Ke3 g5
36.Kf3 Kf6 37.Ke3  1/2-1/2

[Event "URS-ch sf"]
[Site "Volgodonsk"]
[Date "1983.??.??"]
[Round "?"]
[White "Gulko, Boris F"]
[Black "Novikov, Igor A"]
[Result "0-1"]
[WhiteElo "2490"]
[BlackElo "2280"]

1.d4 Nf6 2.c4 e6 3.g3 d5 4.Nf3 dxc4 5.Bg2 a6 6.O-O b5 7.Ne5 Nd5 8.Nc3 Bb7
9.Nxd5 exd5 10.b3 f6 11.e4 g6 12.exd5 fxe5 13.dxe5 Bg7 14.Ba3 c3 15.Qg4 Qc8
16.e6 c5 17.d6 O-O 18.d7 Nxd7 19.exd7 Qc7 20.Bxb7 Qxb7 21.Qe6+ Rf7 22.Rad1 Rd8
23.Bxc5 Bf6 24.Rd5 Kg7 25.Rfd1 a5 26.Qb6 Rdxd7 27.Qe6 Rxd5 28.Rxd5 c2 29.Be3 Re7
30.Bh6+ Kxh6 31.Rh5+ Kg7  0-1

[Event "URS-ch sf"]
[Site "Volgodonsk"]
[Date "1983.??.??"]
[Round "?"]
[White "Guseinov, Aidyn"]
[Black "Novikov, Igor A"]
[Result "1/2-1/2"]
[WhiteElo "2200"]
[BlackElo "2280"]

1.d4 Nf6 2.Nf3 e6 3.Bg5 d5 4.Nbd2 c5 5.e3 Nc6 6.Bd3 Qb6 7.Bxf6 gxf6 8.dxc5 Qxb2
9.O-O Qb4 10.c4 Qxc5 11.Rc1 Be7 12.cxd5 Qxd5 13.Be4 Qd7 14.Rc4 f5 15.Bxc6 bxc6
16.e4 O-O 17.exf5 exf5 18.Ne5 Qd5 19.Nxc6 Bg5 20.Qh5 h6 21.Qxg5+ hxg5 22.Ne7+ Kg7
23.Nxd5 Be6 24.Ne3 Bxc4 25.Nexc4 Rfd8 26.f4 g4 27.Kf2 Rd4 28.Ke3 Rad8 29.Rc1 Rd3+
30.Ke2 R3d4 31.g3 Rh8 32.Nf1 Re8+ 33.Nfe3 f6 34.Rc2 Kg6 35.Kf2 Rd3 36.Ng2 Rh8
37.Nh4+ Rxh4 38.gxh4 Rf3+ 39.Kg2 Rxf4 40.Nd6 Rd4  1/2-1/2

[Event "URS-ch sf"]
[Site "Volgodonsk"]
[Date "1983.??.??"]
[Round "?"]
[White "Dolmatov, Sergey"]
[Black "Novikov, Igor A"]
[Result "1/2-1/2"]
[WhiteElo "2550"]
[BlackElo "2280"]

1.e4 c5 2.Nf3 d6 3.d4 cxd4 4.Nxd4 Nf6 5.Nc3 a6 6.f4 e5 7.Nf3 Nbd7 8.a4 Qc7
9.Bd3 Be7 10.O-O O-O 11.Qe2 Re8 12.Kh1 exf4 13.Bxf4 Nc5 14.Bc4 Be6 15.Ng5 Bxc4
16.Qxc4 Ne6 17.Qb3 Bf8 18.Nxe6 Rxe6 19.Nd5 Nxd5 20.exd5 Re4 21.Bg3 Rae8 22.Rac1 g6  1/2-1/2

[Event "URS-ch U20"]
[Site "Vilnius"]
[Date "1984.??.??"]
[Round "1"]
[White "Novikov, Igor A"]
[Black "Sturua, Zurab"]
[Result "1/2-1/2"]
[WhiteElo "2420"]
[BlackElo "2450"]

1.d4 d5 2.c4 e6 3.Nc3 c5 4.cxd5 exd5 5.Nf3 Nc6 6.g3 Nf6 7.Bg2 Be7 8.O-O O-O
9.b3 Ne4 10.Bb2 Bf6 11.Na4 b6 12.Rc1 Ba6 13.dxc5 Bxb2 14.Nxb2 bxc5 15.Na4 Re8
16.Re1 c4 17.Nd2 Qf6 18.Nxe4 dxe4 19.bxc4 Rad8 20.Qb3 e3 21.fxe3 Ne5 22.Rf1 Qh6
23.Rf4 Ng6 24.Rf3 Rb8 25.Qa3 Bb7 26.Rf2 Bxg2 27.Rxg2 Rxe3 28.Qd6 Ree8 29.Rd1 Qe3+
30.Rf2 Ne5 31.Qd4 Qxd4 32.Rxd4 Rb4 33.Nc3 Rxc4 34.Rxc4 Nxc4 35.Rf5 Ne3  1/2-1/2

[Event "URS-ch U20"]
[Site "Vilnius"]
[Date "1984.??.??"]
[Round "3"]
[White "Novikov, Igor A"]
[Black "Kharitonov, Andrei Y"]
[Result "1/2-1/2"]
[WhiteElo "2420"]
[BlackElo "2455"]

1.d4 Nf6 2.c4 e6 3.Nf3 d5 4.Nc3 Be7 5.Bg5 h6 6.Bxf6 Bxf6 7.e3 O-O 8.Rc1 c6
9.Bd3 Nd7 10.O-O dxc4 11.Bxc4 e5 12.Bb3 exd4 13.exd4 Re8 14.Qd2 Nf8 15.d5 Ng6
16.Rfe1 Rxe1+ 17.Rxe1 Bg4 18.Nd4 c5 19.Nc2 Be5 20.Ne3 Bd7 21.Qd3 Nf4 22.Qe4 Bxc3
23.bxc3 Qf6 24.Bc2 g6 25.c4 Re8 26.Qf3 Nh3+ 27.Kf1 Qxf3 28.gxf3 Nf4 29.Ng4 Rxe1+
30.Kxe1 Bxg4 31.fxg4 Kg7 32.Kd2 Kf6 33.Ke3 Ke5 34.Be4 g5 35.f3 b6 36.a4 a6
37.Bf5 f6 38.Be4 h5 39.Bf5 h4  1/2-1/2

[Event "URS-ch U20"]
[Site "Vilnius"]
[Date "1984.??.??"]
[Round "4"]
[White "Novikov, Igor A"]
[Black "Majorovas, Vitalijus"]
[Result "0-1"]
[WhiteElo "2420"]
[BlackElo "2420"]

1.d4 d5 2.c4 e6 3.Nf3 Nf6 4.Nc3 Bb4 5.Bg5 Nbd7 6.cxd5 exd5 7.e3 c5 8.Bd3 Qa5
9.O-O O-O 10.Nxd5 Nxd5 11.a3 h6 12.Bh4 cxd4 13.axb4 Qxb4 14.Nxd4 N7f6 15.Ra3 a6
16.Bb1 Re8 17.Qc2 Bg4 18.Rb3 Qe7 19.h3 Bh5 20.Nf5 Qd7 21.Qd3 Rad8 22.Qd4 Qe6
23.Rxb7 Bg6 24.e4 Bxf5 25.exf5 Qc6 26.Qa7 Ra8 27.Bxf6 Rxa7 28.Rxa7 Nxf6 29.Ba2 Nd5
30.Bxd5 Qxd5 31.Rxa6 Qxf5 32.Ra3 Qc2 33.b4 Qb2 34.Rf3 Qxb4 35.Rg3 Qd2 36.Rf3 h5
37.h4 Re1 38.Rxe1 Qxe1+ 39.Kh2 Qe4 40.Rh3 f5 41.f3 Qe1  0-1

[Event "URS-ch U20"]
[Site "Vilnius"]
[Date "1984.??.??"]
[Round "5"]
[White "Sokolov, Andrei"]
[Black "Novikov, Igor A"]
[Result "1-0"]
[WhiteElo "2495"]
[BlackElo "2420"]

1.e4 c5 2.Nf3 d6 3.d4 cxd4 4.Nxd4 Nf6 5.Nc3 a6 6.f4 e5 7.Nf3 Nbd7 8.a4 Qc7
9.Bd3 Be7 10.O-O O-O 11.Kh1 Re8 12.Nh4 g6 13.f5 d5 14.fxg6 hxg6 15.Qf3 dxe4
16.Bxe4 Qc4 17.Nxg6 Bd8 18.Bd5 e4 19.Qxf6  1-0

[Event "URS-ch U20"]
[Site "Vilnius"]
[Date "1984.??.??"]
[Round "8"]
[White "Novikov, Igor A"]
[Black "Pigusov, Evgeny"]
[Result "1/2-1/2"]
[WhiteElo "2420"]
[BlackElo "2460"]

1.d4 Nf6 2.Nf3 e6 3.c4 d5 4.Nc3 Be7 5.Bg5 Nbd7 6.e3 h6 7.Bf4 O-O 8.cxd5 Nxd5
9.Nxd5 exd5 10.Bd3 Bd6 11.Bxd6 cxd6 12.O-O Nf6 13.Qb3 Qe7 14.Rfc1 Be6 15.Rc2 Rfc8
16.Rac1 Rxc2 17.Qxc2 Qd7 18.Qc7 Rc8 19.Qxc8+ Qxc8 20.Rxc8+ Bxc8 21.Nd2 Ne8
22.Nb1 Nc7 23.Nc3 Bd7 24.f3 Kf8 25.Kf2 Ke7 26.g4 Be6 27.Kg3 Bd7 28.h4 g6
29.b4 b5 30.Bc2 a6 31.Bb3 Bc6 32.g5 hxg5 33.hxg5 Kf8 34.e4 dxe4 35.fxe4 Ke7
36.Kf4 Ne6+ 37.Bxe6 fxe6 38.a3 Bd7 39.Nd1 Bc8 40.Nb2 Bd7 41.Nd3 Bc8 42.e5 d5
43.Nc5  1/2-1/2

[Event "URS-ch U20"]
[Site "Vilnius"]
[Date "1984.??.??"]
[Round "9"]
[White "Rozentalis, Eduardas"]
[Black "Novikov, Igor A"]
[Result "0-1"]
[WhiteElo "2465"]
[BlackElo "2420"]

1.e4 c5 2.c3 d5 3.exd5 Qxd5 4.d4 e6 5.Nf3 Nf6 6.Bd3 Be7 7.O-O O-O 8.c4 Qh5
9.dxc5 Rd8 10.Bf4 Qxc5 11.Qe2 Nc6 12.Nc3 Nd4 13.Nxd4 Qxd4 14.Be4 Nxe4 15.Nxe4 b5
16.c5 Bb7 17.Bd6 Rd7 18.Bxe7 Rxe7 19.Rfe1 Rc7 20.Rac1 Bd5 21.Nd6 a6 22.Red1 Qh4
23.Rc3 b4 24.Rh3 Qf4 25.Qh5 h6 26.Rh4 Qg5 27.Qxg5 hxg5 28.Rxb4 Rxc5 29.Ne4 a5
30.Nxc5 axb4 31.Ra1 b3 32.a3 g4 33.Kf1 Bc4+ 34.Kg1 Rc8 35.Nd7 Bb5 36.Ne5 Rc2
37.Nxg4 Rxb2 38.Ne3 Re2  0-1

[Event "URS-ch U20"]
[Site "Vilnius"]
[Date "1984.??.??"]
[Round "11"]
[White "Korzubov, Peter"]
[Black "Novikov, Igor A"]
[Result "0-1"]
[WhiteElo "2470"]
[BlackElo "2420"]

1.e4 c5 2.Nf3 d6 3.d4 cxd4 4.Nxd4 Nf6 5.Nc3 a6 6.f4 e5 7.Nb3 Nbd7 8.a4 Be7
9.Be2 O-O 10.O-O b6 11.Bd3 Bb7 12.Qe2 Re8 13.Kh1 Qc7 14.fxe5 Nxe5 15.Nd4 Nxd3
16.cxd3 d5 17.Nf5 dxe4 18.dxe4 Bb4 19.Bf4 Qc6 20.e5 Nh5 21.Qg4 Qg6 22.Qxg6 hxg6
23.Nd6 Bxd6 24.exd6 Rad8 25.Rad1 Nxf4 26.Rxf4 Rxd6 27.Rff1 Red8 28.Kg1 Kf8
29.Rxd6 Rxd6 30.Rf2 Rd4 31.Rc2 Bc6 32.b3 Bd7 33.Ne2 Rb4 34.Rc3 Be6 35.Nc1 Ke7
36.Kf2 Kd6 37.Rd3+ Kc7 38.Ke3 Rh4 39.h3 Rh5 40.Ne2 Re5+ 41.Kd2 Rf5 42.g4 Rf1
43.Nd4 Bd5 44.Nb5+ axb5 45.Rxd5 bxa4 46.bxa4 Rf2+ 47.Ke1 Rf3 48.a5 Kc6 49.Re5 Kd6
50.Rb5 bxa5 51.Rxa5 Rxh3 52.Kf2 Rd3 53.Kg2 Ke7 54.Ra7+ Rd7 55.Ra5 f6 56.Kg3 Kf7
57.Kh4 Rd3 58.g5 Rd4+ 59.Kh3 f5  0-1

[Event "Yerevan"]
[Site "Yerevan"]
[Date "1984.??.??"]
[Round "?"]
[White "Novikov, Igor A"]
[Black "Pytel, Krzysztof"]
[Result "0-1"]
[WhiteElo "2420"]
[BlackElo "2410"]

1.d4 Nf6 2.c4 e6 3.Nf3 d5 4.Nc3 Bb4 5.Bg5 Nbd7 6.cxd5 exd5 7.e3 c5 8.Bd3 Qa5
9.O-O O-O 10.Nxd5 Nxd5 11.a3 cxd4 12.axb4 Qxb4 13.Nxd4 h6 14.Bh4 Nc5 15.Bc2 Qxb2
16.Qh5 Ne6 17.Rab1 Qc3 18.Rbc1 Nxd4 19.Bh7+ Kxh7 20.Rxc3 Nxc3 21.exd4 Be6
22.Qf3 Nd5 23.Qe4+ Kg8 24.f4 Nb6 25.f5 Bd5 26.Qg4 f6 27.Re1 Rf7 28.Re6 Rc8
29.Re2 a5 30.Be1 Nc4 31.Rc2 b6 32.Bd2 Re7 33.Bxh6 b5 34.Rc3 b4 35.Rg3 Rcc7
36.Qg6 Re1+ 37.Kf2 Rce7 38.Rg4 R1e2+ 39.Kf1 Re1+ 40.Kf2 R7e2+ 41.Kg3 Rxg2+
42.Kh3 Rxg4 43.Qxg4 Re7 44.Qg3 Rb7 45.Qg6 Nd6 46.Bxg7 Rxg7 47.Qxf6 Nf7 48.Qb6 b3
49.Qxa5 b2 50.Qb5 Bg2+ 51.Kh4 Nd6 52.Qb3+ Kh7 53.Qc2 Rb7  0-1

[Event "Yerevan"]
[Site "Yerevan"]
[Date "1984.??.??"]
[Round "?"]
[White "Novikov, Igor A"]
[Black "Malaniuk, Vladimir P"]
[Result "1/2-1/2"]
[WhiteElo "2420"]
[BlackElo "2485"]

1.d4 f5 2.Nc3 d5 3.Bg5 g6 4.h4 Bg7 5.Nh3 Be6 6.Nf4 Bf7 7.h5 c6 8.e3 Qb6 9.Qd2 Nd7
10.O-O-O O-O-O 11.hxg6 hxg6 12.Rxh8 Bxh8 13.Nd3 Re8 14.f4 Bf6 15.Bxf6 exf6
16.Be2 Nh6 17.Rh1 Rh8 18.Qe1 Qd8 19.Rh4 Be6 20.Qh1 Nf7 21.Rxh8 Qxh8 22.Qxh8+ Nxh8
23.Nb1 Nf7 24.Nc5 Nxc5 25.dxc5 b6 26.b4 b5 27.Nd2 Nd8 28.Nf3 Kc7 29.a3 Bf7
30.Bd3 Ne6 31.c3 Kd7 32.Kd2 Ke7 33.Nh4 Nf8 34.Ke2 Be8 35.Kf3 Bd7 36.Kg3 Kf7
37.Nf3 Ne6 38.Kf2 Kg7 39.Nh4 Nf8 40.Bc2 Kf7 41.Bb3 Ke7 42.Ba2 Bc8 43.Bb1 Kf7
44.Bd3 Bd7 45.Bc2  1/2-1/2

[Event "Yerevan"]
[Site "Yerevan"]
[Date "1984.??.??"]
[Round "?"]
[White "Tseshkovsky, Vitaly"]
[Black "Novikov, Igor A"]
[Result "1-0"]
[WhiteElo "2490"]
[BlackElo "2420"]

1.e4 c5 2.Nf3 d6 3.d4 cxd4 4.Nxd4 Nf6 5.Nc3 a6 6.Be2 e5 7.Nb3 Be7 8.O-O O-O
9.Qd3 b5 10.a4 b4 11.Nd5 Nxd5 12.Qxd5 Ra7 13.Be3 Be6 14.Qd2 Rb7 15.Rfd1 Qc7
16.Rac1 Rc8 17.Qe1 Bd8 18.Nd2 Qc6 19.b3 Nd7 20.Nc4 Bc7 21.c3 Nc5 22.cxb4 Nxb3
23.Na5 Qxe4 24.Bf3 Qxb4 25.Bxb7 Qxe1+ 26.Rxe1 Bxa5 27.Bxc8 Bxe1 28.Rb1  1-0

[Event "Yerevan"]
[Site "Yerevan"]
[Date "1984.??.??"]
[Round "?"]
[White "Eolian, Levon S"]
[Black "Novikov, Igor A"]
[Result "0-1"]
[WhiteElo "2425"]
[BlackElo "2420"]

1.e4 c5 2.Nf3 e6 3.d4 cxd4 4.Nxd4 Nf6 5.Nc3 d6 6.Be3 a6 7.f4 b5 8.Qf3 Bb7
9.Bd3 Nbd7 10.g4 b4 11.Nce2 Nc5 12.Ng3 Nfd7 13.O-O-O g6 14.h4 Qc7 15.Kb1 O-O-O
16.Qe2 Kb8 17.Rhf1 Bg7 18.Nb3 Na4 19.Bd4 Bxd4 20.Nxd4 Nxb2 21.Kxb2 Qc3+ 22.Kb1 Qxd4
23.Bxa6 Qb6 24.Bc4 Rc8 25.Rfe1 Rhd8 26.Qd3 d5 27.exd5 exd5 28.Bxd5 Nf6  0-1

[Event "URS-ch U26"]
[Site "Lvov"]
[Date "1985.??.??"]
[Round "?"]
[White "Novikov, Igor A"]
[Black "Sturua, Zurab"]
[Result "1/2-1/2"]
[WhiteElo "2460"]
[BlackElo "2420"]

1.d4 d5 2.c4 e6 3.Nf3 Nf6 4.Nc3 Be7 5.Bg5 h6 6.Bxf6 Bxf6 7.e3 O-O 8.Qc2 c5
9.dxc5 dxc4 10.Bxc4 Qa5 11.O-O Bxc3 12.Qxc3 Qxc3 13.bxc3 Nd7 14.c6 bxc6 15.Rab1 Nb6
16.Be2 c5 17.Rfc1 Bd7 18.Kf1 Rfd8 19.Rb3 Rac8 20.Ra3 Rc7 21.c4 Ba4 22.Rb1 Be8
23.Ra5 Kf8 24.Rb3 f6 25.Rba3 Rdd7 26.Rc3 e5 27.Ke1 Bf7 28.Nd2 Rd6 29.Rca3 Rdd7
30.Rb3 Rd8 31.Rc3 Rd6 32.Nb3 Nd7 33.g4 Ke7 34.Nd2 Nb6 35.Ne4 Rdc6 36.Rc1 g6
37.Ng3 Be6 38.Kd2 f5 39.gxf5 gxf5 40.Kc3 Nc8 41.f4 exf4  1/2-1/2

[Event "URS-ch U26"]
[Site "Lvov"]
[Date "1985.??.??"]
[Round "?"]
[White "Novikov, Igor A"]
[Black "Rozentalis, Eduardas"]
[Result "1/2-1/2"]
[WhiteElo "2460"]
[BlackElo "2490"]

1.d4 Nf6 2.c4 e6 3.Nf3 b6 4.g3 Bb7 5.Bg2 Be7 6.Nc3 Ne4 7.Bd2 Bf6 8.O-O O-O
9.Rc1 d5 10.cxd5 exd5 11.Bf4 Nxc3 12.Rxc3 c5 13.Be5 Be7 14.dxc5 bxc5 15.Rb3 Qc8
16.Bf4 Nd7 17.Qc2 h6 18.Bh3 Qc6 19.Rc1 d4 20.Bg2 Nb6 21.Nh4 Qd7 22.Bxb7 Qxb7
23.Nf5 Rfd8 24.Nxe7+ Qxe7 25.Qxc5 Qxe2 26.Qc2 d3 27.Qd2 Rd7 28.Re1 Re8 29.Qxe2 Rxe2  1/2-1/2

[Event "URS-ch U26"]
[Site "Lvov"]
[Date "1985.??.??"]
[Round "?"]
[White "Novikov, Igor A"]
[Black "Korzubov, Peter"]
[Result "1/2-1/2"]
[WhiteElo "2460"]
[BlackElo "2460"]

1.d4 Nf6 2.c4 e6 3.Nf3 d5 4.Nc3 Be7 5.Bg5 O-O 6.e3 Nbd7 7.Qc2 c6 8.Rd1 Re8
9.a3 a5 10.cxd5 exd5 11.Bd3 Nf8 12.O-O Bg4 13.Be2 Ne4 14.Bxe7 Qxe7 15.Nxe4 dxe4
16.Ne5 Bxe2 17.Qxe2 Ng6 18.Nxg6 hxg6 19.d5 cxd5 20.Rxd5 Red8 21.Rfd1 Rxd5
22.Rxd5 Rd8 23.Qd2 Rxd5 24.Qxd5 Qc7 25.g3 Qc1+ 26.Kg2 Qxb2 27.Qd8+  1/2-1/2

[Event "URS-ch U26"]
[Site "Lvov"]
[Date "1985.??.??"]
[Round "?"]
[White "Kharitonov, Andrei Y"]
[Black "Novikov, Igor A"]
[Result "1/2-1/2"]
[WhiteElo "2450"]
[BlackElo "2460"]

1.d4 Nf6 2.Nf3 e6 3.g3 d5 4.Bg2 c5 5.O-O Nc6 6.c4 Be7 7.cxd5 Nxd5 8.dxc5 Bxc5
9.a3 O-O 10.b4 Be7 11.Bb2 Bf6 12.Qc2 Bxb2 13.Qxb2 Qf6 14.Qxf6 gxf6 15.Rc1 Bd7
16.Nbd2 Rfd8 17.Ne4 Be8 18.Nc5 Rab8 19.Ra2 b6 20.Na6 Rbc8 21.Rac2 Nce7  1/2-1/2

[Event "WchT U26"]
[Site "Mendoza"]
[Date "1985.??.??"]
[Round "1"]
[White "Novikov, Igor A"]
[Black "Santana, Orlando"]
[Result "1-0"]
[WhiteElo "2460"]
[BlackElo "2230"]

1.d4 Nf6 2.c4 g6 3.Nc3 Bg7 4.e4 d6 5.f3 O-O 6.Nge2 Nc6 7.Be3 a6 8.Qd2 Rb8
9.Rb1 Bd7 10.b4 b5 11.cxb5 axb5 12.d5 Ne5 13.Nd4 Qe8 14.Be2 e6 15.O-O Rb7
16.Rfc1 exd5 17.exd5 Qb8 18.a3 Qa8 19.Nb3 Re8 20.Na5 Rbb8 21.h3 Bf5 22.Rb3 Qa6
23.a4 Nc4 24.Nxc4 bxc4 25.b5 Qc8 26.Rb4 Bd3 27.Bxd3 cxd3 28.Qxd3 Re7 29.Ne4 Qf5
30.Nxf6+ Qxf6 31.Re4 Rbe8 32.Rxe7 Rxe7 33.b6 Qb2 34.bxc7 Qb7  1-0

[Event "WchT U26"]
[Site "Mendoza"]
[Date "1985.??.??"]
[Round "4"]
[White "Trindade, Sandro Heleno"]
[Black "Novikov, Igor A"]
[Result "0-1"]
[WhiteElo "2305"]
[BlackElo "2460"]

1.e4 c5 2.Nf3 d6 3.d4 cxd4 4.Nxd4 Nf6 5.Nc3 a6 6.Bc4 e6 7.Bb3 b5 8.Be3 Be7
9.Qe2 O-O 10.O-O-O b4 11.Na4 Qa5 12.g4 Bd7 13.Nf5 exf5 14.Nb6 f4 15.Bd4 Nc6
16.Nxa8 Rxa8 17.f3 Ne5 18.h4 Qb5 19.Qf2 Be6 20.g5 Nfd7 21.Qd2 Nxf3 22.Qxf4 Nxd4
23.Rxd4 Ne5 24.Kb1 Qc5 25.Rd2 Nc4 26.Rg2 a5 27.h5 a4 28.g6 axb3 29.h6 fxg6
30.Rxg6 Na3+  0-1

[Event "WchT U26"]
[Site "Mendoza"]
[Date "1985.??.??"]
[Round "8"]
[White "Martinez, Ibrahim"]
[Black "Novikov, Igor A"]
[Result "1/2-1/2"]
[WhiteElo "2285"]
[BlackElo "2460"]

1.e4 c5 2.Nf3 d6 3.d4 cxd4 4.Nxd4 Nf6 5.Nc3 a6 6.Bg5 e6 7.f4 Qb6 8.Qd2 Qxb2
9.Rb1 Qa3 10.f5 Nc6 11.fxe6 fxe6 12.Nxc6 bxc6 13.e5 dxe5 14.Bxf6 gxf6 15.Ne4 Be7
16.Be2 h5 17.Rb3 Qa4 18.Nxf6+ Bxf6 19.c4 Bh4+ 20.g3 Be7 21.O-O h4 22.Qd3 Qa5
23.Bh5+ Rxh5 24.Qg6+ Kd8 25.Qxh5 Qc5+ 26.Kh1 e4 27.Qh8+ Kc7 28.Qe8 Qd6 29.Rf7 Qd1+
30.Kg2 h3+ 31.Kf2 Qd2+ 32.Kf1 Qd1+ 33.Kf2 Qd2+ 34.Kf1 Bd7 35.Qxe7 Qd1+ 36.Kf2 Qd2+
37.Kf1 Qd1+  1/2-1/2

[Event "WchT U26"]
[Site "Mendoza"]
[Date "1985.??.??"]
[Round "10"]
[White "Bischoff, Klaus"]
[Black "Novikov, Igor A"]
[Result "1/2-1/2"]
[WhiteElo "2415"]
[BlackElo "2460"]

1.g3 d5 2.Bg2 c6 3.Nf3 Bg4 4.d3 Nd7 5.h3 Bh5 6.Nbd2 e6 7.O-O Ngf6 8.b3 Bd6
9.Bb2 Qe7 10.a3 O-O 11.Qe1 Bxf3 12.Nxf3 e5 13.e4 dxe4 14.dxe4 Rfe8 15.Nd2 Nc5
16.Qe2 Nfd7 17.h4 Ne6 18.Nf3 a5 19.Rfd1 Bc7 20.Bh3 Rad8 21.Rd2 Nf6 22.Rxd8 Rxd8
23.a4 Nc5 24.Nd2 Ne6 25.Nf3 Nc5 26.Nd2 Ne6 27.Nf3  1/2-1/2

[Event "WchT U26"]
[Site "Mendoza"]
[Date "1985.??.??"]
[Round "12"]
[White "Wilder, Michael"]
[Black "Novikov, Igor A"]
[Result "1/2-1/2"]
[WhiteElo "2460"]
[BlackElo "2460"]

1.Nf3 Nf6 2.g3 d5 3.Bg2 c6 4.O-O Bg4 5.b3 Nbd7 6.Bb2 e6 7.d4 Be7 8.Nbd2 O-O
9.Re1 h6 10.c4 a5 11.a3 Bf5 12.Ne5 Nxe5 13.dxe5 Ne4 14.Nxe4 dxe4 15.Bd4 Qc7
16.Qc1 a4 17.e3 axb3 18.Qb2 c5 19.Bc3 Qb6  1/2-1/2

[Event "Poznan"]
[Site "Poznan"]
[Date "1985.??.??"]
[Round "3"]
[White "Novikov, Igor A"]
[Black "Paehtz, Thomas Sr"]
[Result "1/2-1/2"]
[WhiteElo "2460"]
[BlackElo "2380"]

1.d4 Nf6 2.c4 g6 3.Nc3 Bg7 4.e4 d6 5.f3 O-O 6.Nge2 a6 7.Be3 b6 8.Qd2 c5 9.d5 e6
10.a4 exd5 11.cxd5 h5 12.Nc1 Nbd7 13.Be2 Qc7 14.Nd3 c4 15.Nf2 Nc5 16.Qc2 Nb3
17.Ra3 Na5 18.Nb1 Qb7 19.Nd2 b5 20.b4 cxb3 21.Nxb3 Nxb3 22.Rxb3 Bd7 23.axb5 Bxb5
24.Bxb5 axb5 25.O-O Nd7 26.Rfb1 Rfb8 27.Nd3 Ne5 28.Nxe5 Bxe5 29.Qd1 Ra2 30.Bd4  1/2-1/2

[Event "Poznan"]
[Site "Poznan"]
[Date "1985.??.??"]
[Round "8"]
[White "Lanc, Alois"]
[Black "Novikov, Igor A"]
[Result "0-1"]
[WhiteElo "2385"]
[BlackElo "2460"]

1.e4 c5 2.Nf3 d6 3.d4 cxd4 4.Nxd4 Nf6 5.Nc3 a6 6.f4 e5 7.Nf3 Nbd7 8.a4 Be7
9.Bc4 Qa5 10.Bd2 exf4 11.Qe2 O-O 12.Nd5 Qd8 13.Bxf4 Nxd5 14.Bxd5 Nf6 15.Bb3 Qa5+
16.Bd2 Qc5 17.Bc3 Bd7 18.Rd1 Bc6 19.Rd4 Rae8 20.Kd1 Bd8 21.Nd2 d5 22.Rf1 dxe4
23.Kc1 Qh5 24.g4 Qxg4 25.Qxg4 Nxg4 26.Rg1 h5 27.h3 e3 28.hxg4 exd2+ 29.Rxd2 hxg4
30.Rxd8 Rxd8 31.Rxg4 Rd1+  0-1

[Event "Poznan"]
[Site "Poznan"]
[Date "1985.??.??"]
[Round "9"]
[White "Novikov, Igor A"]
[Black "Nowak, Ignacy"]
[Result "1-0"]
[WhiteElo "2460"]
[BlackElo "2435"]

1.d4 Nf6 2.c4 g6 3.Nc3 Bg7 4.e4 d6 5.f3 O-O 6.Nge2 a6 7.Be3 c6 8.a4 a5 9.Qd2 Na6
10.Rd1 d5 11.cxd5 cxd5 12.e5 Ne8 13.h4 f6 14.h5 fxe5 15.hxg6 exd4 16.Bxd4 hxg6
17.Bxg7 Nxg7 18.Qh6 Nb4 19.Nxd5 Nxd5 20.Nf4 Qd6 21.Nxd5 Qg3+ 22.Kd2 Be6 23.Nxe7+ Kf7
24.Bd3 Qxg2+ 25.Kc1 Kxe7 26.Qxg7+ Rf7 27.Qe5 Rc8+ 28.Kb1 Qxf3 29.Bxg6 Qf4
30.Qxa5 Bf5+ 31.Bxf5 Qxf5+ 32.Qxf5 Rxf5 33.Rh7+ Ke6 34.Rxb7 Rf2 35.Ka2  1-0